000 01397nam a22003737a 4500
003 CHAP
005 20220329143121.0
008 010920d2001 mx a r 00110 spa d
010 _a92164
011 _a93136
035 _a103707
040 _cCHAP
090 _aTesis
100 1 _aMartínez García, Gloria.
_972058
245 1 0 _aCaracterización de morbilidad y mortalidad en conejos de engorda en la Unidad de Investigacion Aplicada en Producción Cunicola de la Universidad Autónoma Chapingo
_c/por Gloria Engracia Martínez García
260 _aChapingo, Méx. :, El autor,
_c2005.
300 _a72 h. :
_bilus.; gráfs.
502 _aTesis (Ing. Agr. Esp. en Zootecnia) - - UACH. Departamento de Zootecnia
590 _aALEPH
_b10
_c20130110
_lUCH01
_h1511
590 _aBATCH-UPD
_b10
_c20130110
_lUCH01
_h0634
590 _aBATCH-UPD
_b10
_c20130410
_lUCH01
_h0317
590 _aBATCH-UPD
_b10
_c20130914
_lUCH01
_h1027
590 _aCONVERSION
_b10
_c20130109
_lUCH01
_h1351
650 1 4 _aConejos
_xEnfermedades.
_926362
650 1 4 _aConejos
_xEngorda.
_926363
650 1 4 _aConejos
_xProducción.
_926375
650 1 4 _aDiarrea.
_932425
650 1 4 _aPleuroneumonía.
_989172
901 _aBK
905 _aElisama A. H.
942 _cFOLL
949 _aTesis
_bBC
_cTES
_d00000000103707
_eTS1
_h45107
_i103707
_sb
949 _aTesis
_bBC
_cTES
_d33724000962411
_eTS2
_fc.2
_h45108
_i103707
_sb
999 _c92164
_d92164